Berbulan madu sepanjang hayat : Panduan suami isteri menurut Islam

Bibliographic Details
Other Authors: Muhammad Sofwan Amrullah (penyusun)
Format: Book
Language:Malay
Published: Batu Caves : Pustaka Ilmi 1995
Series:Buku Kerumahtanggaan
Subjects:

MARC

LEADER 00000cam a2200000 7i4500
001 0000027507
005 20241118.0
008 170329 my # may
020 |a 99839888633 
040 |a INS   |b eng   |e rda 
090 0 0 |a BL65   |b B37 1995 
245 0 0 |a Berbulan madu sepanjang hayat :   |b Panduan suami isteri menurut Islam   |c penyusun Muhammad Sofwan Amrullah 
264 1 |a Batu Caves :   |b Pustaka Ilmi   |c 1995 
300 |a vi, 303 muka surat ;   |c 21 cm. 
336 |a text  |2 rdacontent 
337 |a unmediated  |2 rdamedia 
338 |a volume  |2 rdacarrier 
440 |a Buku Kerumahtanggaan 
500 |a Mengandungi ayat-ayat Al-Quran 
650 0 |a Family   |x Religious life 
650 0 |a Happiness   |x Religious aspects   |x Islam 
700 0 |a Muhammad Sofwan Amrullah ,   |e penyusun 
999 |a 0000022924   |b BOOK   |c Open Shelf   |e Default branch